| 000 | 01132nac a22002771u 4500 | ||
|---|---|---|---|
| 010 | _a 2001037567 | ||
| 020 | _a0761820841 (pbk. : alk. paper) | ||
| 020 | _a0761820833 (cloth : alk. paper) | ||
| 035 | _a(OCoLC)ocm47136571 | ||
| 082 | 0 | 0 |
_a210 _bAb765 |
| 090 |
_c2934 _d2934 |
||
| 100 | _aAbou El Fadl, Khaled, | ||
| 245 | 1 | 0 |
_aAnd God knows the soldiers : _bthe authoritative and authoritarian in Islamic discourses / _cKhaled M. Abou El Fadl. |
| 260 |
_aLanham, Md. : _bUniversity Press of America, _cc2001. |
||
| 300 |
_avii, 204 p. ; _c22 cm. |
||
| 500 | _aRev. ed. of: The authoritative and authoritarian in Islamic discourses. 1997. | ||
| 504 | _aIncludes bibliographical references (p. 175-194) and index. | ||
| 650 | 0 |
_aAuthority _xReligious aspects _xIslam. |
|
| 650 | 0 |
_aHadith _xEvidences, authority, etc. |
|
| 650 | 0 | _aIslamic law. | |
| 650 | 0 | _aWahhābīyah. | |
| 650 | 0 |
_aIslam _xDoctrines. |
|
| 700 | 1 |
_aAbou El Fadl, Khaled, _d1963- |
|
| 942 |
_cBB _k210A155 |
||
| 999 |
_c2934 _d2934 |
||